000 00411pab a2200145 454500
008 180718b xxu||||| |||| 00| 0 eng d
100 _aArora Sushil
245 _aEconomy of the Nomadic communities of India
362 _a74(2), Jun 1994, p.181-91
650 _a Nomadic Communities -- India
650 _aTribes andd Tribal Systems -- India
700 _aHalder A.K.
773 _aMan in India
909 _a27649
999 _c27649
_d27649